[Event "Memorial Nicola Palladino A"]
[Site "Milano ITA"]
[Date "2013.03.30"]
[Round "3"]
[White "Cocconcelli, Lorenzo"]
[Black "Faraoni, Enrico"]
[WhiteElo "2012"]
[BlackElo "2057"]
[Result "1-0"]
[PlyCount "97"]
[EventDate "2013.03.28"]

1. d4 Nf6 2. c4 g6 3. Nc3 Bg7 4. e4 d6 5. Bd3 O-O 6. Nge2 Na6 7. O-O e5 8. d5
Nc5 9. Bc2 a5 10. Rb1 Nh5 11. a3 Qh4 12. b4 axb4 13. axb4 Nd7 14. Nb5 Ndf6 15.
f3 Ne8 16. g4 Nhf6 17. Qe1 Qxe1 18. Rxe1 h5 19. h3 c6 20. Nbc3 Nc7 21. Be3 cxd5
22. exd5 hxg4 23. hxg4 Ra3 24. Bc1 Ra8 25. Rd1 e4 26. Bxe4 Nxe4 27. Nxe4 f5 28.
Nxd6 fxg4 29. Nxc8 gxf3 30. Ne7+ Kf7 31. Nf4 f2+ 32. Kxf2 Kxe7 33. d6+ Ke8 34.
Re1+ Kd7 35. Re7+ Kxd6 36. Rxg7 Ne8 37. Rxg6+ Ke5 38. Kf3 Ra2 39. Rg5+ Kd4 40.
Be3+ Kc3 41. c5 Nc7 42. Ke4 Rd8 43. c6 Re8+ 44. Kf3 Kc2 45. Rc1+ Kb2 46. Nd3+
Ka3 47. Ra5+ Kb3 48. Rxa2 Kxa2 49. cxb7 1-0

[Event "Memorial Nicola Palladino A"]
[Site "Milano ITA"]
[Date "2013.03.30"]
[Round "3"]
[White "Dobboletta, Alex"]
[Black "Galli, Fabio"]
[WhiteElo "1968"]
[BlackElo "2051"]
[Result "1/2-1/2"]
[PlyCount "52"]
[EventDate "2013.03.28"]

1. e4 e6 2. d4 d5 3. Nd2 dxe4 4. Nxe4 Nd7 5. Nf3 Ngf6 6. Nxf6+ Nxf6 7. Bd3 Be7
8. O-O O-O 9. Ne5 Nd7 10. Qh5 g6 11. Qe2 Nxe5 12. dxe5 c6 13. Bh6 Re8 14. Rfd1
Qc7 15. Bc4 b5 16. Bd3 Bb7 17. Re1 Rad8 18. Qg4 a6 19. h4 Bf8 20. Bg5 Be7 21.
h5 Bxg5 22. Qxg5 c5 23. Re3 Qe7 24. Qh6 Qf8 25. Qg5 Qe7 26. Qh6 Qf8 1/2-1/2

[Event "Memorial Nicola Palladino A"]
[Site "Milano ITA"]
[Date "2013.03.30"]
[Round "3"]
[White "Miracola, Massimiliano"]
[Black "Cazzaniga, Walter"]
[WhiteElo "2143"]
[BlackElo "2139"]
[Result "1/2-1/2"]
[PlyCount "55"]
[EventDate "2013.03.28"]

1. Nf3 Nf6 2. g3 g6 3. c4 Bg7 4. Bg2 c5 5. O-O O-O 6. d4 cxd4 7. Nxd4 Nc6 8.
Nc2 d6 9. Nc3 Be6 10. b3 Qa5 11. Bd2 Qh5 12. e4 Bg4 13. f3 Bh3 14. Be3 Bxg2 15.
Kxg2 e6 16. Qd2 d5 17. cxd5 exd5 18. exd5 Rfd8 19. Rad1 Ne7 20. d6 Nf5 21. Bf4
Rac8 22. Ne3 Rxc3 23. Qxc3 Nd5 24. Qd3 Nxf4+ 25. gxf4 Rxd6 26. Qxf5 gxf5 27.
Rxd6 h6 28. Rfd1 1/2-1/2

[Event "Memorial Nicola Palladino A"]
[Site "Milano ITA"]
[Date "2013.03.30"]
[Round "3"]
[White "Nepi, Ezio"]
[Black "Bonazzi, Edoardo"]
[WhiteElo "1977"]
[BlackElo "2061"]
[Result "0-1"]
[PlyCount "115"]
[EventDate "2013.03.28"]

1. d4 Nf6 2. c4 c5 3. d5 b5 4. Qc2 bxc4 5. e4 d6 6. Bxc4 g6 7. Nf3 Bg7 8. O-O
O-O 9. h3 Nbd7 10. Nc3 Nb6 11. Be2 e6 12. dxe6 Bxe6 13. Bf4 d5 14. exd5 Nbxd5
15. Nxd5 Nxd5 16. Rad1 Bf5 17. Qc4 Nxf4 18. Rxd8 Nxe2+ 19. Qxe2 Rfxd8 20. Rd1
Bf6 21. Rxd8+ Rxd8 22. b3 Bd3 23. Qe3 c4 24. bxc4 Kg7 25. c5 Bb5 26. Qe4 Rc8
27. Qb4 Bc6 28. Nd4 Bd5 29. Nb5 Rb8 30. Qa5 Rb7 31. Qa6 Re7 32. f3 h5 33. Qd6
Bc4 34. Nd4 Re1+ 35. Kf2 Rf1+ 36. Kg3 h4+ 37. Kf4 Re1 38. Qd7 Re7 39. Qa4 Bd3
40. Qb3 g5+ 41. Kg4 Bg6 42. Qd5 Re5 43. Qd7 Kh6 44. Nf5+ Bxf5+ 45. Qxf5 Rxf5
46. Kxf5 Bd8 47. Ke5 Kg6 48. Kd6 Kf5 49. a4 Kf4 50. c6 Kg3 51. c7 Bxc7+ 52.
Kxc7 Kxg2 53. a5 Kxh3 54. Kb7 Kg3 55. Kxa7 h3 56. Kb8 h2 57. a6 h1=Q 58. a7 0-1

[Event "Memorial Nicola Palladino A"]
[Site "Milano ITA"]
[Date "2013.03.30"]
[Round "3"]
[White "Pelizzola, Danilo"]
[Black "Marchini, Daniele"]
[WhiteElo "2093"]
[BlackElo "1873"]
[Result "1/2-1/2"]
[PlyCount "57"]
[EventDate "2013.03.28"]

1. e4 c5 2. Nf3 d6 3. d4 cxd4 4. Nxd4 Nf6 5. Nc3 a6 6. Be2 e5 7. Nb3 Be7 8. O-O
O-O 9. Be3 Be6 10. Qd2 Nbd7 11. a4 Rc8 12. Rad1 Qc7 13. a5 Rfd8 14. Qe1 h6 15.
h3 Nc5 16. Bf3 Nfd7 17. Nc1 Nb8 18. Nd3 Nc6 19. Nxc5 dxc5 20. Bg4 Nb4 21. Qe2
Rxd1 22. Qxd1 Rd8 23. Qe2 Nc6 24. Bxe6 fxe6 25. Qg4 Qd7 26. Bxh6 Bf6 27. Ne2
Nd4 28. Ng3 Nxc2 29. Rc1 1/2-1/2

[Event "Memorial Nicola Palladino A"]
[Site "Milano ITA"]
[Date "2013.03.30"]
[Round "3"]
[White "Petrone, Gianmario"]
[Black "Brociner, Beniamino"]
[WhiteElo "1959"]
[BlackElo "1996"]
[Result "1/2-1/2"]
[PlyCount "106"]
[EventDate "2013.03.28"]

1. e4 c5 2. Nf3 g6 3. d4 cxd4 4. Nxd4 Bg7 5. c4 Nc6 6. Be3 Nf6 7. Nc3 d6 8. Be2
O-O 9. O-O a6 10. f3 Nxd4 11. Bxd4 Be6 12. b3 Qa5 13. Rc1 Rfc8 14. a4 Nd7 15.
Bxg7 Kxg7 16. f4 f6 17. f5 Bf7 18. fxg6 hxg6 19. Bg4 Rc7 20. Bxd7 Rxd7 21. Nd5
Bxd5 22. exd5 Rc7 23. Qd4 Qc5 24. Qxc5 Rxc5 25. b4 Rc7 26. c5 Rac8 27. Rfe1 Kf7
28. Rb1 dxc5 29. bxc5 Rd7 30. d6 Rxc5 31. dxe7 Re5 32. Rxe5 fxe5 33. Kf2 Kxe7
34. Rb6 Kf7 35. Ke3 Kg7 36. Ke4 Rd4+ 37. Kxe5 Rxa4 38. Rxb7+ Kh6 39. g3 Kg5 40.
h4+ Kh6 41. Ra7 a5 42. Ra6 Kh5 43. Rc6 Rg4 44. Rc3 a4 45. Kf6 Rb4 46. Ra3 Rb6+
47. Ke5 Ra6 48. Kf4 Rf6+ 49. Ke4 Kg4 50. Rxa4 Kxg3 51. Ke5 Rf5+ 52. Ke6 Rf1 53.
Rb4 Rf4 1/2-1/2

[Event "Memorial Nicola Palladino A"]
[Site "Milano ITA"]
[Date "2013.03.30"]
[Round "3"]
[White "Santelli, Francesco"]
[Black "Motola, Jacopo"]
[WhiteElo "1787"]
[BlackElo "2032"]
[Result "0-1"]
[PlyCount "42"]
[EventDate "2013.03.28"]

1. e4 c5 2. Nf3 d6 3. d4 cxd4 4. Nxd4 Nf6 5. Nc3 g6 6. Be2 Bg7 7. Be3 Nc6 8. f3
Bd7 9. Qd2 a6 10. O-O O-O 11. Na4 Nxd4 12. Qxd4 Ng4 13. Qd3 Nxe3 14. Qxe3 Bxa4
15. c3 Qc7 16. Kh1 Qc5 17. Qf4 Bd7 18. Rad1 Be6 19. g4 Bc4 20. Bxc4 Qxc4 21.
Rd5 Qxf1# 0-1

[Event "Memorial Nicola Palladino A"]
[Site "Milano ITA"]
[Date "2013.03.30"]
[Round "3"]
[White "Vezzosi, Paolo"]
[Black "Sardo, Gabriele"]
[WhiteElo "2290"]
[BlackElo "2203"]
[Result "0-1"]
[PlyCount "46"]
[EventDate "2013.03.28"]

1. Nf3 Nf6 2. c4 c6 3. g3 d5 4. b3 Bf5 5. Bg2 h6 6. O-O e6 7. d3 Nbd7 8. Bb2
Bc5 9. Nbd2 O-O 10. a3 a5 11. Qc1 Qb6 12. Qc3 e5 13. e4 Bh7 14. cxd5 cxd5 15.
exd5 Nxd5 16. Qc4 Ne3 17. fxe3 Bxe3+ 18. Kh1 Rac8 19. Qh4 Bxd2 20. Nxd2 Rc2 21.
Rad1 Bxd3 22. Be4 Rxd2 23. Rxd2 Bxf1 0-1

[Event "Memorial Nicola Palladino A"]
[Site "Milano ITA"]
[Date "2013.03.30"]
[Round "3"]
[White "Virzi, Ettore"]
[Black "Guidi, Paolo"]
[WhiteElo "1972"]
[BlackElo "1900"]
[Result "0-1"]
[PlyCount "76"]
[EventDate "2013.03.28"]

1. e4 d6 2. d4 Nf6 3. Nc3 g6 4. Nf3 Bg7 5. Be2 Nc6 6. h3 O-O 7. O-O a6 8. Be3
b5 9. d5 Nb8 10. Nd2 Bb7 11. a4 b4 12. Na2 c6 13. Nxb4 cxd5 14. exd5 a5 15. Nc6
Nxc6 16. dxc6 Bxc6 17. Nc4 Nd7 18. Bd2 d5 19. Nxa5 Rxa5 20. Bxa5 Qxa5 21. c3
Qb6 22. Qc2 d4 23. cxd4 Bxd4 24. a5 Qb7 25. a6 Qa8 26. Rfd1 e5 27. Rac1 Bxg2
28. Qc7 Bxh3 29. Qb7 Qd8 30. a7 Qg5+ 31. Kh1 Bxa7 32. f4 Qxf4 33. Rc4 Qf2 34.
Rc2 Bf5 35. Bd3 Qh4+ 36. Rh2 Qd4 37. Qg2 Bxd3 38. Rh3 Be4 0-1

[Event "Memorial Nicola Palladino A"]
[Site "Milano ITA"]
[Date "2013.03.30"]
[Round "4"]
[White "Bonazzi, Edoardo"]
[Black "Vezzosi, Paolo"]
[WhiteElo "2061"]
[BlackElo "2290"]
[Result "0-1"]
[PlyCount "78"]
[EventDate "2013.03.28"]

1. Nf3 d5 2. c4 d4 3. g3 g6 4. Bg2 Bg7 5. O-O c5 6. d3 Nc6 7. Na3 Nf6 8. Nc2 a5
9. b3 O-O 10. a3 e5 11. Ng5 Bf5 12. Bd2 h6 13. Ne4 Nxe4 14. dxe4 Be6 15. Ne1 a4
16. Nd3 Qe7 17. b4 Bxc4 18. Nxc5 b5 19. Nd3 Rac8 20. Qb1 Nd8 21. Qb2 Ne6 22.
Rac1 Kh7 23. f4 exf4 24. gxf4 Rcd8 25. Qc2 Nc7 26. Nb2 d3 27. Nxd3 Ne6 28. Bc3
Nd4 29. Bxd4 Bxd4+ 30. Kh1 Be3 31. Rce1 Qh4 32. h3 Bxd3 33. exd3 Bxf4 34. Rd1
Qg3 35. Kg1 Qh2+ 36. Kf2 Qg3+ 37. Kg1 Qh2+ 38. Kf2 f5 39. Ke1 Bg3+ 0-1

[Event "Memorial Nicola Palladino A"]
[Site "Milano ITA"]
[Date "2013.03.30"]
[Round "4"]
[White "Brociner, Beniamino"]
[Black "Gemelli, Giovanni"]
[WhiteElo "1996"]
[BlackElo "1882"]
[Result "1-0"]
[PlyCount "116"]
[EventDate "2013.03.28"]

1. Nf3 Nf6 2. g3 g6 3. Bg2 Bg7 4. c4 d6 5. O-O O-O 6. d4 c5 7. dxc5 dxc5 8. Ne5
Nfd7 9. Nd3 Nc6 10. Nc3 Nb6 11. Nxc5 Nxc4 12. Qb3 Nd6 13. N3e4 Nxe4 14. Bxe4
Qc7 15. Bf4 e5 16. Be3 Qe7 17. Rac1 Nd4 18. Bxd4 exd4 19. Qf3 Rb8 20. Rfd1 Rd8
21. Rc2 b6 22. Nb3 Be6 23. Rdc1 Be5 24. h4 Rbc8 25. Rxc8 Rxc8 26. Rxc8+ Bxc8
27. Nc1 Be6 28. Bd5 Kg7 29. Nd3 Bxd5 30. Qxd5 Bf6 31. Qf3 Qc7 32. h5 Qd6 33.
Nf4 h6 34. hxg6 fxg6 35. Qe4 Be5 36. Qb7+ Kh8 37. Qa8+ Kh7 38. Qb7+ Kh8 39. Nd3
Bg7 40. Qe4 Kh7 41. Kg2 Qf6 42. Nf4 Qf5 43. Kf3 Be5 44. Qxf5 gxf5 45. Nd5 b5
46. Ne7 d3 47. exd3 f4 48. b3 fxg3 49. fxg3 b4 50. g4 Bd6 51. Nf5 Bf8 52. d4
Kg6 53. Kf4 Kf6 54. d5 Kf7 55. Ke5 Ke8 56. Ke6 Bc5 57. Nxh6 Be3 58. Nf7 Bb6 1-0

[Event "Memorial Nicola Palladino A"]
[Site "Milano ITA"]
[Date "2013.03.30"]
[Round "4"]
[White "Cazzaniga, Walter"]
[Black "Bemporad, Filippo"]
[WhiteElo "2139"]
[BlackElo "2055"]
[Result "1/2-1/2"]
[PlyCount "79"]
[EventDate "2013.03.28"]

1. d4 Nf6 2. c4 e6 3. Nf3 Bb4+ 4. Bd2 Bxd2+ 5. Qxd2 b6 6. Nc3 Bb7 7. e3 O-O 8.
Be2 d6 9. O-O Nbd7 10. Qc2 c5 11. Rad1 Qe7 12. Rfe1 Rfd8 13. d5 e5 14. Nh4 g6
15. e4 Ne8 16. g3 Ng7 17. Bf1 Rf8 18. Bh3 Nf6 19. Qd2 Nfh5 20. Qh6 Bc8 21. Bxc8
Raxc8 22. Rd3 Rcd8 23. Rde3 Rd7 24. Ng2 Nf6 25. h3 Kh8 26. f4 Ng8 27. Qh4 Qxh4
28. Nxh4 f6 29. f5 g5 30. Ng2 h5 31. Nb1 Rb8 32. Rb3 a5 33. Nc3 Ne8 34. Nb5 Ne7
35. Ra1 Nc8 36. Ne3 Nc7 37. Nxc7 Rxc7 38. Rc1 Kg7 39. Kf2 Kf7 40. Ke2 1/2-1/2

[Event "Memorial Nicola Palladino A"]
[Site "Milano ITA"]
[Date "2013.03.30"]
[Round "4"]
[White "Faraoni, Enrico"]
[Black "Baltzopoulos, Giorgos"]
[WhiteElo "2057"]
[BlackElo "1969"]
[Result "0-1"]
[PlyCount "92"]
[EventDate "2013.03.28"]

1. e4 e5 2. f4 d5 3. exd5 exf4 4. Nf3 Nf6 5. Bc4 Nxd5 6. O-O Be6 7. Bxd5 Qxd5
8. Nc3 Qf5 9. d4 Nc6 10. Nh4 Qg5 11. Nf3 Qg4 12. Ne4 O-O-O 13. c3 Be7 14. b4
Qf5 15. Nc5 Bxc5 16. bxc5 g5 17. Qe2 Rhe8 18. Qb5 a6 19. Qb2 Kb8 20. Rb1 Bc8
21. Nxg5 Qxg5 22. Bxf4 Qg6 23. Bg3 Rd7 24. Rf3 Rde7 25. Rbf1 Re2 26. Qb3 f5 27.
d5 Ne5 28. Rf4 Nd3 29. d6 Nxf4 30. dxc7+ Ka8 31. Rxf4 Qc6 32. Bf2 Qxc7 33. Rf3
Qc6 34. Qd1 Qe4 35. c6 Qxc6 36. Qd4 Rxf2 37. Kxf2 Qe6 38. Qd2 Bd7 39. Rd3 Qb6+
40. Rd4 Bb5 41. Kg3 Re2 42. Qf4 Bc6 43. Rd6 Rxg2+ 44. Kh3 Rg6 45. Rxg6 hxg6 46.
Qe5 Qd8 0-1

[Event "Memorial Nicola Palladino A"]
[Site "Milano ITA"]
[Date "2013.03.30"]
[Round "4"]
[White "Gagliardi, Christian"]
[Black "Bozzali, Ermanno"]
[WhiteElo "2206"]
[BlackElo "2041"]
[Result "1-0"]
[PlyCount "111"]
[EventDate "2013.03.28"]

1. d4 Nf6 2. Nf3 e6 3. Bf4 b6 4. e3 Bb7 5. Bd3 Be7 6. h3 O-O 7. Nbd2 c5 8. c3
d6 9. Qe2 cxd4 10. exd4 Nbd7 11. O-O Qc7 12. Bh2 Rfe8 13. Rfe1 Bf8 14. a4 a6
15. Nc4 Rac8 16. Na3 Ra8 17. Rec1 e5 18. dxe5 Nxe5 19. Nxe5 dxe5 20. Qc2 Qc6
21. Bf1 Rad8 22. Nc4 e4 23. Re1 Rd5 24. Rad1 Qe6 25. Rxd5 Bxd5 26. Nd2 Qc8 27.
Qd1 Bc5 28. Bf4 Qb7 29. b4 Bf8 30. c4 Bc6 31. b5 axb5 32. axb5 Bd7 33. Be3 Bf5
34. Nb3 Bb4 35. Re2 Nd7 36. Nd4 Be6 37. Ra2 h6 38. Qa1 Qc7 39. Ra8 Nb8 40. Nc6
Bf8 41. Nxb8 Rxb8 42. Rxb8 Qxb8 43. Qa6 Bc5 44. Bxc5 bxc5 45. Qc6 Qe5 46. Qa8+
Kh7 47. Qa3 Qc7 48. Qb2 Qb6 49. Qe5 f5 50. g4 g6 51. Be2 Kg8 52. Qf6 Kh7 53.
gxf5 gxf5 54. Bh5 Qd6 55. Bg6+ Kg8 56. Bf7+ 1-0

[Event "Memorial Nicola Palladino A"]
[Site "Milano ITA"]
[Date "2013.03.30"]
[Round "4"]
[White "Galli, Fabio"]
[Black "Marchini, Daniele"]
[WhiteElo "2051"]
[BlackElo "1873"]
[Result "1/2-1/2"]
[PlyCount "93"]
[EventDate "2013.03.28"]

1. c4 Nf6 2. g3 e6 3. Nf3 b6 4. Bg2 Bb7 5. O-O Be7 6. b3 O-O 7. Bb2 d5 8. cxd5
exd5 9. d4 Nbd7 10. Nc3 Ne4 11. e3 Ndf6 12. Nd2 Nxc3 13. Bxc3 Rc8 14. Bb2 c5
15. Rc1 Ba6 16. Re1 c4 17. bxc4 Bxc4 18. Nxc4 dxc4 19. Qa4 b5 20. Qa6 Bb4 21.
Bc3 Bxc3 22. Rxc3 Nd5 23. Bxd5 Qxd5 24. Rec1 Qc6 25. Qxc6 Rxc6 26. a4 a6 27.
Rb1 Rb8 28. axb5 axb5 29. Rb4 Kf8 30. e4 Ke7 31. f3 Kd7 32. d5 Rc7 33. Kf2 Rc5
34. Ke3 Kc7 35. Kd4 Kb6 36. Ra3 Rbc8 37. Kc3 R8c7 38. Rb2 Ra7 39. Rxa7 Kxa7 40.
d6 Kb6 41. d7 Kc7 42. Kd4 c3 43. Rc2 Rc4+ 44. Kd3 Kxd7 45. Rxc3 Ra4 46. Rc5
Ra3+ 47. Kd4 1/2-1/2

[Event "Memorial Nicola Palladino A"]
[Site "Milano ITA"]
[Date "2013.03.30"]
[Round "4"]
[White "Guidi, Paolo"]
[Black "Dobboletta, Alex"]
[WhiteElo "1900"]
[BlackElo "1968"]
[Result "0-1"]
[PlyCount "47"]
[EventDate "2013.03.28"]

1. Nf3 Nf6 2. d4 g6 3. c4 Bg7 4. e3 O-O 5. Be2 d6 6. O-O Nbd7 7. Nc3 e5 8. b4
Ng4 9. a4 f5 10. c5 e4 11. Qb3+ Kh8 12. Nd2 Ndf6 13. h3 Nh6 14. cxd6 cxd6 15.
b5 g5 16. Nc4 Be6 17. Qb4 d5 18. Nd6 Qd7 19. f3 Rfd8 20. fxe4 fxe4 21. Ba3 Nhg8
22. b6 a6 23. Ncb5 axb5 24. axb5 0-1

[Event "Memorial Nicola Palladino A"]
[Site "Milano ITA"]
[Date "2013.03.30"]
[Round "4"]
[White "Mariano, Elia"]
[Black "Cocconcelli, Lorenzo"]
[WhiteElo "2156"]
[BlackElo "2012"]
[Result "1-0"]
[PlyCount "97"]
[EventDate "2013.03.28"]

1. d4 d5 2. Nc3 Nf6 3. Bg5 Bf5 4. f3 Nbd7 5. Nxd5 Nxd5 6. e4 h6 7. Bh4 Ne3 8.
Qd3 Nxf1 9. exf5 c5 10. Kxf1 Qb6 11. Ne2 O-O-O 12. Qb3 cxd4 13. Qc4+ Kb8 14.
Qxd4 Qxd4 15. Nxd4 Nb6 16. Rd1 Rd7 17. Ke2 Rg8 18. Nb5 a6 19. Rxd7 Nxd7 20. Rd1
Kc8 21. Nc3 g6 22. fxg6 Rxg6 23. Kf1 Rb6 24. Rb1 e6 25. Ne4 Bg7 26. Bf2 Rc6 27.
c3 Kd8 28. Rd1 Ke7 29. Bh4+ f6 30. Bg3 e5 31. Bh4 Ke6 32. g4 Nf8 33. Bf2 b6 34.
Ng3 Nh7 35. Be3 Ng5 36. Nf5 Bf8 37. Rd8 Kf7 38. Kg2 Ne6 39. Rd7+ Ke8 40. Ra7 b5
41. Ra8+ Kf7 42. Bxh6 Bxh6 43. Nxh6+ Kg6 44. Nf5 Nf4+ 45. Kg3 Rc7 46. Rxa6 Rd7
47. Rd6 Rb7 48. a3 Kf7 49. h4 1-0

[Event "Memorial Nicola Palladino A"]
[Site "Milano ITA"]
[Date "2013.03.30"]
[Round "4"]
[White "Motola, Jacopo"]
[Black "Pelizzola, Danilo"]
[WhiteElo "2032"]
[BlackElo "2093"]
[Result "0-1"]
[PlyCount "146"]
[EventDate "2013.03.28"]

1. e4 c5 2. Nf3 Nc6 3. c3 d5 4. exd5 Qxd5 5. d4 Bg4 6. Be2 cxd4 7. cxd4 e6 8.
Nc3 Qa5 9. O-O Nf6 10. Re1 Be7 11. h3 Bh5 12. Be3 O-O 13. Qb3 Qb4 14. Qxb4 Nxb4
15. Rac1 Rfd8 16. a3 Nbd5 17. Bg5 Rac8 18. Nxd5 Nxd5 19. Bxe7 Nxe7 20. Rc5 Bxf3
21. Bxf3 b6 22. Rxc8 Rxc8 23. Be4 Kf8 24. Kf1 h6 25. Ke2 Ke8 26. Kd2 Kd7 27.
Rc1 Rxc1 28. Kxc1 g5 29. Kd2 Nc8 30. d5 f5 31. dxe6+ Kxe6 32. Bd3 Ke5 33. Ke3
Ne7 34. g3 Ng6 35. Be2 f4+ 36. Kf3 fxg3 37. fxg3 Ne7 38. Bd3 Nd5 39. Bc4 Nf6
40. Ke3 Nh5 41. Kf3 Kd4 42. Bf1 Nf6 43. Be2 Kd5 44. h4 Ke5 45. hxg5 hxg5 46.
Bd3 Nd7 47. Bc2 Nc5 48. Kg4 Kf6 49. Kf3 a5 50. Ke3 Ke5 51. Kf3 Ne6 52. Bd3 Nd4+
53. Kg4 Kf6 54. Be4 Ne2 55. Kf3 Ke5 56. Bd3 Nd4+ 57. Kg4 Kf6 58. Be4 Nb3 59.
Bd3 Nd2 60. Bb5 Ne4 61. Kf3 Ke5 62. Bd3 Nf6 63. Ke3 Kd5 64. Kf3 Nd7 65. Ke3 Ne5
66. Be4+ Kc5 67. b3 Nd7 68. Bd3 Kd5 69. Bc4+ Ke5 70. Bd3 Nf6 71. Kf3 Kd4 72.
Bc4 Kc3 73. Ke3 a4 0-1

[Event "Memorial Nicola Palladino A"]
[Site "Milano ITA"]
[Date "2013.03.30"]
[Round "4"]
[White "Nepi, Ezio"]
[Black "Petrone, Gianmario"]
[WhiteElo "1977"]
[BlackElo "1959"]
[Result "1/2-1/2"]
[PlyCount "104"]
[EventDate "2013.03.28"]

1. d4 Nf6 2. c4 g6 3. Nc3 Bg7 4. e4 d6 5. Nf3 O-O 6. Be2 e5 7. O-O exd4 8. Nxd4
Re8 9. f3 Nc6 10. Be3 Nh5 11. Qd2 Nf4 12. Rfd1 Bxd4 13. Bxd4 Nxd4 14. Qxd4 Qg5
15. Bf1 Ne6 16. Qf2 Qc5 17. Qxc5 dxc5 18. Nd5 Kg7 19. e5 b6 20. g3 Bb7 21. Nf6
Red8 22. Bg2 Rd4 23. Rxd4 Nxd4 24. f4 Bxg2 25. Kxg2 Rd8 26. Rd1 h5 27. Kf2 Kf8
28. h3 c6 29. g4 hxg4 30. hxg4 Ke7 31. Rh1 Ne6 32. Ke3 Rd4 33. Rh8 Nf8 34. b3
Rd1 35. Rh2 Ne6 36. f5 gxf5 37. gxf5 Re1+ 38. Kd2 Rxe5 39. Ng8+ Kf8 40. fxe6
Kxg8 41. exf7+ Kf8 42. Rh8+ Kxf7 43. Rh7+ Ke6 44. Rxa7 b5 45. Ra8 b4 46. Rh8
Rg5 47. Rh2 Re5 48. Kc2 Re3 49. Rd2 Rh3 50. Kb2 Rh7 51. Re2+ Kd6 52. Rd2+ Kc7
1/2-1/2

[Event "Memorial Nicola Palladino A"]
[Site "Milano ITA"]
[Date "2013.03.30"]
[Round "4"]
[White "Sardo, Gabriele"]
[Black "Miracola, Massimiliano"]
[WhiteElo "2203"]
[BlackElo "2143"]
[Result "1/2-1/2"]
[PlyCount "107"]
[EventDate "2013.03.28"]

1. d4 d5 2. c4 e6 3. Nf3 c6 4. g3 Nf6 5. Bg2 Nbd7 6. O-O Be7 7. Qc2 O-O 8. Nbd2
b6 9. Rd1 Bb7 10. e4 Rc8 11. e5 Ne8 12. Nb3 c5 13. dxc5 Nxc5 14. Nxc5 Rxc5 15.
b3 Rc7 16. Qe2 Qc8 17. cxd5 Bxd5 18. Nd4 Bxg2 19. Kxg2 Qb7+ 20. Qf3 Qxf3+ 21.
Kxf3 Rd7 22. Be3 Nc7 23. Rac1 Nd5 24. Nb5 Rfd8 25. Nc3 Ba3 26. Rc2 Rc7 27. Nxd5
Rxc2 28. Nf6+ gxf6 29. Rxd8+ Kg7 30. exf6+ Kxf6 31. Rd7 a6 32. Ra7 Bc5 33. Bxc5
bxc5 34. Rxa6 c4 35. bxc4 Rxc4 36. Rd6 Rc2 37. a4 Ra2 38. Rd4 Kg6 39. Rg4+ Kf6
40. Rf4+ Kg6 41. g4 Ra3+ 42. Kg2 e5 43. Rb4 Kg5 44. f3 Ra1 45. Kg3 Rg1+ 46. Kf2
Ra1 47. Rc4 f6 48. h3 Kh4 49. f4 Kxh3 50. g5 fxg5 51. fxg5 Ra2+ 52. Kf3 Ra3+
53. Kf2 Ra2+ 54. Kf3 1/2-1/2

[Event "Memorial Nicola Palladino A"]
[Site "Milano ITA"]
[Date "2013.03.30"]
[Round "4"]
[White "Virzi, Ettore"]
[Black "Santelli, Francesco"]
[WhiteElo "1972"]
[BlackElo "1787"]
[Result "1-0"]
[PlyCount "93"]
[EventDate "2013.03.28"]

1. e4 c5 2. Nf3 Nc6 3. d4 cxd4 4. Nxd4 e5 5. Nb5 d6 6. N1c3 a6 7. Na3 b5 8. Nd5
Nf6 9. Bg5 Be7 10. Bxf6 Bxf6 11. c3 Bg5 12. Nc2 O-O 13. a4 bxa4 14. Rxa4 Ne7
15. Ncb4 a5 16. Bc4 Rb8 17. Nxe7+ Bxe7 18. Nc6 Qc7 19. Nxb8 Qxb8 20. b3 Qb6 21.
O-O Bd7 22. Ra2 Rc8 23. Qd5 Be6 24. Qxa5 Qxa5 25. Rxa5 Bxc4 26. bxc4 g6 27. Ra4
h5 28. Rb1 Kg7 29. Kf1 Rc7 30. Ke2 f5 31. Rba1 Kf6 32. Kd3 fxe4+ 33. Kxe4 Ke6
34. Rb1 Kf7 35. Rb8 Kg7 36. Rba8 Kf6 37. R8a7 Rc8 38. Rb7 Ke6 39. Kd3 Bf6 40.
f3 g5 41. Ra6 Be7 42. Raa7 Bf6 43. Rc7 Rd8 44. c5 Kf5 45. c6 d5 46. Rd7 Ke6 47.
Rxd8 1-0

[Event "Memorial Nicola Palladino A"]
[Site "Milano ITA"]
[Date "2013.03.31"]
[Round "5"]
[White "Baltzopoulos, Giorgos"]
[Black "Brociner, Beniamino"]
[WhiteElo "1969"]
[BlackElo "1996"]
[Result "0-1"]
[PlyCount "96"]
[EventDate "2013.03.28"]

1. e4 c5 2. Nf3 g6 3. d4 cxd4 4. Qxd4 Nf6 5. Bb5 a6 6. e5 axb5 7. exf6 e6 8.
Nc3 Nc6 9. Qf4 Qa5 10. O-O b4 11. Ne4 e5 12. Qg3 d5 13. Neg5 h6 14. Re1 hxg5
15. Nxe5 Nxe5 16. Qxe5+ Be6 17. Bxg5 Qc5 18. Bf4 Rd8 19. Qg5 Bd6 20. Bg3 Bxg3
21. hxg3 Qxc2 22. g4 Qc7 23. g3 Qd7 24. Kg2 d4 25. f3 Rc8 26. Rac1 Rxc1 27.
Qxc1 Qc6 28. Qf4 Qc8 29. Rc1 Qd8 30. Rc7 d3 31. Re7+ Kf8 32. Qxb4 Kg8 33. Qd2
Bxg4 34. Qe3 d2 35. Re8+ Kh7 36. Rxh8+ Qxh8 37. Qxd2 Be6 38. Qd4 Qc8 39. a3
Qc2+ 40. Kf1 Qc4+ 41. Qxc4 Bxc4+ 42. Kf2 g5 43. Ke3 Kg6 44. Kd4 Be2 45. Ke5
Bxf3 46. a4 Bd1 47. a5 Be2 48. b4 Bf1 0-1

[Event "Memorial Nicola Palladino A"]
[Site "Milano ITA"]
[Date "2013.03.31"]
[Round "5"]
[White "Bozzali, Ermanno"]
[Black "Motola, Jacopo"]
[WhiteElo "2041"]
[BlackElo "2032"]
[Result "1/2-1/2"]
[PlyCount "105"]
[EventDate "2013.03.28"]

1. d4 d6 2. e4 Nf6 3. Nc3 e5 4. Nf3 Nbd7 5. Bc4 Be7 6. O-O O-O 7. h3 c6 8. a4
a5 9. Be3 Qc7 10. Ba2 Re8 11. Ng5 Rf8 12. f4 h6 13. Nf3 exf4 14. Bxf4 Qb6 15.
Qd2 c5 16. Be3 cxd4 17. Bxd4 Nc5 18. Nd5 Qd8 19. Nxf6+ Bxf6 20. Bd5 Be6 21. b4
axb4 22. Qxb4 Bxd5 23. exd5 Bxd4+ 24. Nxd4 Qa5 25. Qxa5 Rxa5 26. Nb5 Rd8 27.
Rf4 f6 28. Rb4 Kf7 29. Nc3 Rda8 30. Rab1 f5 31. Nb5 Ke7 32. Nd4 Kf6 33. Nb3
Rxa4 34. Nxc5 dxc5 35. Rxb7 Rd8 36. R1b6+ Ke5 37. Rxg7 Rh4 38. c4 Rxc4 39. Rxh6
Kxd5 40. h4 Rg4 41. Rxg4 fxg4 42. Rg6 c4 43. Rg5+ Kd4 44. Rxg4+ Kd3 45. Rg3+
Kd2 46. Ra3 Rd4 47. g3 Rd3 48. Ra2+ Ke3 49. Kg2 c3 50. Kh3 Rd2 51. Ra3 Kd4 52.
Ra4+ Kd3 53. Ra3 1/2-1/2

[Event "Memorial Nicola Palladino A"]
[Site "Milano ITA"]
[Date "2013.03.31"]
[Round "5"]
[White "Cocconcelli, Lorenzo"]
[Black "Galli, Fabio"]
[WhiteElo "2012"]
[BlackElo "2051"]
[Result "1-0"]
[PlyCount "47"]
[EventDate "2013.03.28"]

1. d4 d5 2. c4 c6 3. Nf3 Nf6 4. Nc3 e6 5. e3 Nbd7 6. Qc2 Bd6 7. g4 h6 8. Rg1 e5
9. cxd5 cxd5 10. Nb5 Bb8 11. Bd2 a6 12. Nc3 e4 13. Nh4 g6 14. O-O-O O-O 15. Be2
b5 16. f3 Bb7 17. Qb3 Kg7 18. Rdf1 Bd6 19. g5 hxg5 20. Rxg5 Kh6 21. Rfg1 Rc8
22. Kb1 Qe7 23. f4 Rg8 24. Qd1 1-0

[Event "Memorial Nicola Palladino A"]
[Site "Milano ITA"]
[Date "2013.03.31"]
[Round "5"]
[White "Dobboletta, Alex"]
[Black "Bonazzi, Edoardo"]
[WhiteElo "1968"]
[BlackElo "2061"]
[Result "0-1"]
[PlyCount "60"]
[EventDate "2013.03.28"]

1. e4 c5 2. Nf3 e6 3. d4 cxd4 4. Nxd4 a6 5. Bd3 Qc7 6. O-O Nf6 7. Qe2 d6 8. c4
Be7 9. Nc3 O-O 10. Be3 Nbd7 11. f4 Re8 12. g4 Nc5 13. Bc2 e5 14. Nf5 Bxf5 15.
exf5 Bf8 16. Qf3 Qc6 17. Qh3 exf4 18. Rxf4 Nce4 19. Ba4 Nxc3 20. Bxc6 Ne2+ 21.
Kf1 Nxf4 22. Bxf4 bxc6 23. g5 Ne4 24. Rd1 g6 25. Rd3 Nc5 26. Rd4 Rad8 27. Qg2
d5 28. cxd5 cxd5 29. Rxd5 Nd3 30. Rxd8 Re1# 0-1

[Event "Memorial Nicola Palladino A"]
[Site "Milano ITA"]
[Date "2013.03.31"]
[Round "5"]
[White "Gemelli, Giovanni"]
[Black "Santelli, Francesco"]
[WhiteElo "1882"]
[BlackElo "1787"]
[Result "0-1"]
[PlyCount "86"]
[EventDate "2013.03.28"]

1. e4 c5 2. Nf3 Nc6 3. d4 cxd4 4. Nxd4 e5 5. Nb5 d6 6. N1c3 a6 7. Na3 b5 8. Nd5
Nf6 9. Bg5 Be7 10. Bxf6 Bxf6 11. c3 Bg5 12. Be2 Be6 13. O-O O-O 14. Nc2 f5 15.
exf5 Bxf5 16. Bg4 Ne7 17. Nce3 Bxe3 18. Nxe3 Be4 19. Be6+ Kh8 20. Nd5 Nf5 21.
Qe2 Bxd5 22. Bxd5 Rc8 23. Qd3 Rf6 24. Rad1 Qe7 25. Be4 g6 26. g3 Rd8 27. Bg2
Kg7 28. a4 Rb8 29. axb5 axb5 30. Ra1 b4 31. Ra6 bxc3 32. bxc3 Rc8 33. Rb1 Rc7
34. Rbb6 h5 35. h3 Rd7 36. Bc6 Rc7 37. Rb8 Rf8 38. Rbb6 Rf6 39. Be4 Rd7 40. Bg2
Qf8 41. Bc6 Rc7 42. Ra8 Rc8 43. Rbb8 Rxb8 0-1